000 02525nam0a2200433 4500
001 RU\NLR\BIBL_A\012697849
005 20240917184844.0
010 _a978-5-9704-6584-4
_92000
021 _aRU
_bКН-П-21-068894
_9КН-П-21-5458
035 _a(NLR Aleph) 012697849
035 _a(RuMoRGB)010827523
090 _a12868125
_c12868125
100 _a20220131d2022 u y0rusy50 ca
101 0 _arus
102 _aRU
105 _aa j 000zy
181 0 _ai
_baxxe
182 0 _an
200 1 _aТактика врача-кардиолога
_eпрактическое руководство
_f[Балеева Лариса Васильевна, кандидат медицинских наук, Воробьев Антон Сергеевич, кандидат медицинских наук, хирург-аритмолог, Галеева Зульфия Марселевна, кандидат медицинских наук, доцент и др.]
_gпод редакцией члена-корреспондента РАН Ж. Д. Кобалава
203 _aТекст
_bвизуальный
_cнепосредственный
210 _aМосква
_cГЭОТАР-МЕДИА
_d2022 [т. е. 2021]
215 _a313 с.
_cил., цв. ил., табл.
_d24
225 1 _aСерия "Тактика врача"
225 1 _aМедицинский институт ФГАОУ ВО "Российский университет дружбы народов" рекомендует
300 _aАвт. указаны на с. 6-7
300 _aДоп. информ. в ссылках QR-кодов кн.
301 _aDOI: 10.33029/9704-5815-0-KAR-2021-320
320 _aБиблиогр. в ссылке QR-кода: с. 312
606 1 _aКардиология амбулаторно-поликлиническая
_jРуководства, пособия и т.п
_2nlr_sh2
_3RU\NLR\AUTH\661472052
686 1 _aР410я7
686 1 _aР11(2)284.10я7
701 1 _aБалеева
_bЛ. В.
_gЛариса Васильевна
701 1 _aВоробьев
_bА. С.
_cканд. мед. наук, кардиология
_gАнтон Сергеевич
_3RU\NLR\AUTH\7796341
701 1 _aГалеева
_bЗ. М.
_gЗульфия Марселевна
702 1 _aКобалава
_bЖ. Д.
_f1958-
_gЖанна Давидовна
_3RU\NLR\AUTH\77118835
_4340
942 _cBOOK
980 _aNB